000 00688nam a2200229Ii 4500
003 JO-AjNU
008 230605s9999||||xx |||||||||||||| ||und||
017 _a1989/8414
020 _a977-100-150-7
040 _aJO-AjNU
_bara
_erda
_cJO-AjNU
041 _aara
050 1 4 _aLB1027 1998
100 3 _aأحمد، محمد عبد القادر,
_eauthor
_942463
245 0 0 _aطرق التدريس العامة
250 _aط3
264 3 1 _aالقاهرة:مكتبة النهضة المصرية،1998
300 _a232ص
336 _atext
_btxt
_2rdacontent
337 _aunmediated
_bn
_2rdamedia
338 _avolume
_bnc
_2rdacarrier
650 4 _aطرق التدريس
_942464
999 _aA18184
_c21752
_d21752